تراث طه حسين : (Record no. 8288)
[ view plain ]
| 000 -الفاتح | |
|---|---|
| حقل البيانات ثابتة الطول | 01618cam a22003375a 4500 |
| 003 - محدد رقم الضبط | |
| رقم الضبط | OSt |
| 005 - وقت وتاريخ اخر تعامل مع التسجيلة | |
| رقم الضبط | 20201124141949.0 |
| 008 - عناصر البيانات ثابتة الطول - معلومات عامة | |
| حقل البيانات ثابتة الطول | 110330m20022007ua frb 000 0e ara d |
| 020 ## - الرقم الدولى المعيارى للكتب | |
| الرقم الدولى المعيارى للكتاب | 9771802186 (مج. 1) |
| 020 ## - الرقم الدولى المعيارى للكتب | |
| الرقم الدولى المعيارى للكتاب | 9771804766 (مج. 2) |
| 020 ## - الرقم الدولى المعيارى للكتب | |
| الرقم الدولى المعيارى للكتاب | 9771803395 (مج. 3) |
| 020 ## - الرقم الدولى المعيارى للكتب | |
| الرقم الدولى المعيارى للكتاب | 977180295X (مج. 4) |
| 020 ## - الرقم الدولى المعيارى للكتب | |
| الرقم الدولى المعيارى للكتاب | 9771803557 (مج. 5) |
| 020 ## - الرقم الدولى المعيارى للكتب | |
| الرقم الدولى المعيارى للكتاب | 9771804618 (مج. 6) |
| 040 ## - مصدر الفهرسة | |
| وكالة الفهرسة الأصلية | EG-ScBUE |
| لغة الفهرسة | ara |
| وكالة النسخ | EG-ScBUE |
| 082 04 - رقم تصنيف ديوى العشرى | |
| رقم التصنيف | 070.4 |
| رقم المادة | ح س ي |
| رقم الطبعة | 22 |
| 245 10 - بيان العنوان | |
| العنوان | تراث طه حسين : |
| بقية العنوان | المقالات الصحفية من 1908-1967 / |
| بيان المسئوليه,etc | دراسة سعيد إسماعيل علي ... [وآخ.] |
| 260 ## - PUBLICATION, DISTRIBUTION, ETC. (IMPRINT) | |
| مكان الناشر او الموزع | القاهرة : |
| اسم الناشر او الموزع | دار الكتب والوثائق القومية، الإدارة المركزية للمراكز العلمية، مركز تاريخ مصر المعاصر، |
| تاريخ النشر أو التوزيع | 2002-2007. |
| 300 ## - الوصف المادى | |
| التعداد | 6 مج. ؛ |
| أبعاد الوعاء | 32 سم. |
| 500 ## - تبصرة عامة | |
| تبصرة عامة | يشتمل على كشافات. |
| 504 ## - تبصرة ببليوجرافية | |
| تبصرة ببليوجرافية,الخ | يشتمل على إرجاعات ببليوجرافية. |
| 505 ## - تبصرة محتويات-الفهرس | |
| تبصرة المحتويات المصاغة | مج. 1. التعليم -- مج. 2. الإسلاميات والنقد الأدبي -- مج. 3. طه حسين والسياسة المصرية -- مج. 4. أزمة النظام السياسي المصري -- مج. 5. مقالات الأربعينات -- مج. 6. الكشافات -- طه حسين وثورة يوليو 1952. |
| 650 #0 - المدخل الاضافى بالموضوع-مصطلح موضوعى | |
| مصطلح موضوعي أو اسم جغرافي كعنصر مدخل | المقالات العربية. |
| مصدر الرأس أو المصطلح | BUEsh |
| 650 #0 - المدخل الاضافى بالموضوع-مصطلح موضوعى | |
| مصطلح موضوعي أو اسم جغرافي كعنصر مدخل | التعليم. |
| مصدر الرأس أو المصطلح | BUEsh |
| 650 #0 - المدخل الاضافى بالموضوع-مصطلح موضوعى | |
| مصطلح موضوعي أو اسم جغرافي كعنصر مدخل | السياسة. |
| مصدر الرأس أو المصطلح | BUEsh |
| 651 ## - المدخل الاضافى بالموضوع - اسم جغرافى | |
| مصدر الرأس أو المصطلح | BUEsh |
| 653 ## - مصطلح تكشيفى غير مقيد | |
| Resource For college | Arabic Literature |
| Arrived date list | August2015 |
| 655 ## - مصطلح تكشيفى-نوع/شكل | |
| التقسيم الفرعي الشكلي | Reading book |
| -- | 34232 |
| 700 1# - المدخل الاضافى - اسم شخصى | |
| الإسم الشخصى | علي، سعيد إسماعيل. |
| 9 (RLIN) | 22715 |
| 942 ## - عناصر المدخل الإضافي( كوها) | |
| سابقة رقم الطلب | 070.4 ح س ي |
| حالة التراجع | حالة الفقد | مصدر التصنيف او خطة الترفيف | حالة تلف | ليس للاعارة | مجموعات كوها | المكان الدائم | المكان الحالي | موقع الترفيف | تاريخ الاكتساب | Source of acquisition | رقم الاستدعاء | الباركود | Date last seen | التكلفة | نوع الوعاء | تبصرة عامة | مُعار |
|---|---|---|---|---|---|---|---|---|---|---|---|---|---|---|---|---|---|
| Dewey Decimal Classification | Central Library | Central Library | Lower Floor | 30/03/2011 | Purchase | 070.4 ح س ي | 000009180 | 15/07/2025 | 21.00 | Book - Borrowing | مج. 1. | ||||||
| Dewey Decimal Classification | Central Library | Central Library | Lower Floor | 30/03/2011 | Purchase | 070.4 ح س ي | 000009184 | 15/07/2025 | Book - Borrowing | مج. 5. | |||||||
| Dewey Decimal Classification | Central Library | Central Library | Lower Floor | 30/03/2011 | Purchase | 070.4 ح س ي | 000009183 | 15/07/2025 | Book - Borrowing | مج. 4 | |||||||
| Dewey Decimal Classification | Central Library | Central Library | Lower Floor | 30/03/2011 | Purchase | 070.4 ح س ي | 000009181 | 15/07/2025 | Book - Borrowing | مج. 2 | |||||||
| Dewey Decimal Classification | Central Library | Central Library | Lower Floor | 30/03/2011 | Purchase | 070.4 ح س ي | 000009182 | 15/07/2025 | Book - Borrowing | مج. 3 | 21/12/2016 | ||||||
| Dewey Decimal Classification | Central Library | Central Library | Lower Floor | 30/03/2011 | Purchase | 070.4 ح س ي | 000009185 | 15/07/2025 | Book - Borrowing | مج. 6 |